Communication skills and information technology / (Record no. 88828)

MARC details
000 -LEADER
fixed length control field 00643nam a22001937a 4500
005 - DATE AND TIME OF LATEST TRANSACTION
control field 20140925124938.0
010 ## - LCCN (DPL NO)
LC control number ENG-110912
020 ## - INTERNATIONAL STANDARD BOOK NUMBER
International Standard Book Number 9788192958224
Terms of availability 650.00
035 ## - SYSTEM CONTROL NUMBER
System control number EN-94444
037 ## - SOURCE OF ACQUISITION
Source of stock number/acquisition DBAD/PUB
082 ## - DEWEY DECIMAL CLASSIFICATION NUMBER
Classification number 302.2
100 ## - MAIN ENTRY--PERSONAL NAME
Personal name Mishra, Saroj Kumar
245 ## - TITLE STATEMENT
Title Communication skills and information technology /
Statement of responsibility, etc by Saroj Kumar Mishra
260 ## - PUBLICATION, DISTRIBUTION, ETC. (IMPRINT)
Place of publication, distribution, etc New Delhi
Name of publisher, distributor, etc Gyan Geeta Prakashan
Date of publication, distribution, etc 2014
270 ## - ADDRESS
Address F-7, Gali no. 1, Panchsheel Garden Ext. Naveen Shahdara
City New Delhi
Postal code 110032
300 ## - PHYSICAL DESCRIPTION
Extent 328p.
Dimensions 23cm(Hb)
500 ## - GENERAL NOTE
General note Includes bibliographical references and index
942 ## - ADDED ENTRY ELEMENTS (KOHA)
Source of classification or shelving scheme Dewey Decimal Classification
Item type English Books
Call number suffix MIS
Classification part 302.2
Holdings
Withdrawn status Lost status Not for loan Collection code Home library Current library Date acquired Source of acquisition Cost, normal purchase price Full call number Barcode Copy number Cost, replacement price Koha item type
    Not For Loan Non-fiction D.B.Act.Division D.B.Act.Division 19/09/2014 DBAD/PUB 650.00 302.2 MIS EN-94444 1 650.00 English Books

© Delhi Public Library
Hit Counter
free hit counter